[Event "Minsk op"]
[Site "Minsk"]
[Date "1996.??.??"]
[Round "9"]
[White "Berezjuk, Sergej"]
[Black "Buligin, Alexander"]
[Result "1-0"]
[WhiteElo "2425"]
[BlackElo "2330"]
[PlyCount "33"]
[EventDate "1996.??.??"]
[EventType "swiss"]
[EventRounds "9"]
[EventCountry "BLR"]
[SourceTitle "EXT 2000"]
[Source "ChessBase"]
[SourceDate "1999.11.16"]
[SourceVersion "1"]
[SourceVersionDate "1999.11.16"]
[SourceQuality "1"]

1. e4 c5 2. Nf3 d6 3. Bb5+ Nd7 4. d4 Ngf6 5. 0-0 Nxe4 6. Qe2 Nef6 7. dxc5 dxc5 8. Rd1 Qc7 9. Ne5 a6 10. Nc3 e6 11. Bf4 axb5 12. Nxd7 Qxf4 13. Nxf6+ gxf6 14. Qxb5+ Ke7 15. Qb6 Bh6 16. Qxc5+ Ke8 17. Nb5 1-0

[Event "Minsk op"]
[Site "Minsk"]
[Date "1996.??.??"]
[Round "8"]
[White "Buligin, Alexander"]
[Black "Begun, Sergei M"]
[Result "1/2-1/2"]
[WhiteElo "2330"]
[BlackElo "2375"]
[PlyCount "49"]
[EventDate "1996.??.??"]
[EventType "swiss"]
[EventRounds "9"]
[EventCountry "BLR"]
[SourceTitle "EXT 2000"]
[Source "ChessBase"]
[SourceDate "1999.11.16"]
[SourceVersion "1"]
[SourceVersionDate "1999.11.16"]
[SourceQuality "1"]

1. Nf3 d5 2. g3 Nf6 3. Bg2 c6 4. 0-0 Bg4 5. h3 Bh5 6. b3 e6 7. Bb2 Nbd7 8. d3 Be7 9. Nbd2 0-0 10. c4 a5 11. a3 Ne8 12. Qc2 Bf6 13. b4 Bxb2 14. Qxb2 Qf6 15. d4 Bxf3 16. Bxf3 Nd6 17. cxd5 exd5 18. Kg2 a4 19. e3 b5 20. e4 Nc4 21. Qc3 Ndb6 22. exd5 Nxd5 23. Qd3 Nxd2 24. Qxd2 Rac8 25. Rac1 1/2-1/2